| 000 | 01250nam0a2200349 i 4500 | ||
|---|---|---|---|
| 001 | RU\NLR\bibl\2002278 | ||
| 005 | 20260406041242.0 | ||
| 010 |
_a9785358124042 _91500 |
||
| 021 |
_aRU _b2013-6115 _9433 |
||
| 035 | _a(nilc)RuMoRGB-006537448 | ||
| 035 | _a(NLR Aleph) 001990987 | ||
| 090 |
_a4224551 _c4224551 |
||
| 100 | _a20110809d2012 u y0rusy50 ca | ||
| 101 | 0 | _arus | |
| 102 | _aRU | ||
| 105 | _aa ||||||||| | ||
| 200 | 1 |
_aХимия в таблицах _e8-11 классы _eсправочное пособие _fавт.-сост.: А. Е. Насонова |
|
| 205 | _a16-е изд., стер. | ||
| 210 |
_aМосква _cДрофа _d2012 |
||
| 215 |
_a92, [1] с. _cил., табл. _d20 |
||
| 320 | _aПредм. указ.: с. 91-93 | ||
| 606 |
_aХимия _jУчебные издания для средней школы _9898913 _3RU\NLR\auth\666296 |
||
| 686 | _aГ1я721-1 | ||
| 702 | 1 |
_4220 _8rus _7ca _aНасонова _bА.Е. _gАлла Евгеньевна _3RU\NLR\auth\771676 _9111696 |
|
| 801 | 0 |
_aRU _bRuMoRKP _c20110809 _gRCR |
|
| 801 | 2 |
_aRU _bРГБ _c20130305 _grcr |
|
| 801 | 1 |
_aRU _bRuMoRKP _c20110809 _2rusmarc |
|
| 801 | 2 |
_aRU _bNLR _c20130219 _grcr |
|
| 942 | _cBOOK | ||
| 980 | _aNBR | ||